Nueva infografía : grafismo e ilustración para convertir datos complejos y tediosos en comunicación clara y amena /

Guardat en:
Dades bibliogràfiques
Autor principal: Wang, Shaoqiang (edición)
Format: Llibre
Idioma:espanyol
Publicat: Barcelona, España : Hoaki Books, 2024, c2021
Matèries:
Etiquetes: Afegir etiqueta
Sense etiquetes, Sigues el primer a etiquetar aquest registre!

MARC

LEADER 00000nam^a2200000^a^4500
001 000616050
005 20250609000000.0
009 20260310133714.253
020 |a 978-84-17656-63-8 
037 |a Acervo ITESO - Biblioteca 
041 |a ESP 
082 |a 302. 231121  |b WAN 
100 |a Wang, Shaoqiang  |e (edición) 
245 1 0 |a Nueva infografía :  |b grafismo e ilustración para convertir datos complejos y tediosos en comunicación clara y amena /  |c Ed. de S. Wang ; tr. por Jesús de Cos Pinto, Alicia Misrahi Vallès. 
264 4 |a Barcelona, España :  |b Hoaki Books,  |c 2024, c2021 
300 |a 240 p. 
336 |a texto  |b txt  |2 rdacontenido 
337 |a sin mediación  |b n  |2 rdamedio 
338 |a volumen  |b nc  |2 rdasoporte 
500 |a Traducción de: Playful Data: Graphic Design and Illustration for Infographics 
521 |a Peticiones 2025 
649 |a XX 
650 |a Infografía -  |x Tema Principal 
650 |a Estadística 
650 |a Métodos Gráficos 
650 |a Diseño Gráfico 
650 |a Comunicación Masiva 
650 |a Comunicación Visual 
910 |a Fondo General 
920 |a Impresos - Libros 
930 |a Reserva Especial 
905 |a 103 
901 |a 616050-10  |b IT1  |c REE  |i C190318  |u 20250609 
902 |a https://opac.biblio.iteso.mx/vufind/Record/000616050